| 000 | 01106nam a2200349 4500 | ||
|---|---|---|---|
| 001 | 22645 | ||
| 003 | SK-KTurca | ||
| 005 | 20260409100058.0 | ||
| 008 | 210722s2020 xo g 000 f slo d | ||
| 020 |
_a9788057300748 _q(viazané) |
||
| 035 | _aa000680888 | ||
| 040 |
_aTVZK _bslo _dUKB _erda |
||
| 041 | 0 | _aslo | |
| 044 |
_axo _cSK |
||
| 072 | 7 |
_a821.162.4-3 _xSlovenská próza _2konspekt |
|
| 080 |
_a821.162.4-31 _22011 |
||
| 080 |
_a(0:82-312.5) _22011 |
||
| 100 | 1 |
_aWurm, Monika, _d1983- _4aut |
|
| 245 | 1 | 0 |
_aNedotknuteľný _bpríbeh zlodeja z Indie _cMonika Wurm |
| 250 | _aPrvé vydanie | ||
| 264 | 1 |
_aBratislava _bFortuna Libri _c2020 |
|
| 300 |
_a586 strán, 1 nečíslovaná strana _c21 cm |
||
| 336 |
_atext _btxt _2rdacontent |
||
| 337 |
_abez média _bn _2rdamedia |
||
| 338 |
_azväzok _bnc _2rdacarrier |
||
| 530 | _aDostupný aj zvukový záznam | ||
| 655 | 7 |
_aslovenské romány _2UKBPH |
|
| 655 | 7 |
_aľúbostné romány _2UKBPH |
|
| 776 | 0 |
_tNedotknuteľný _i[zvukový záznam] |
|
| 942 |
_2ddc _cKLDO _n0 |
||
| 980 | _aFortuna Libri a.s., Zadunajská cesta 8, 851 01 Bratislava | ||
| 999 |
_c22645 _d22645 |
||